000 00809nam a22001817a 4500
005 20120508104317.0
020 _a817391382X
_c00.00
035 _aB-31162
037 _aDPL
_bENG
100 _aSingh, H.K.
_946629
245 _aMutual funds and Indian capital market :
_bPerformance and profitability /
_cby H.K. Singh and Meera Singh
260 _aNew Delhi
_bKanishka Publishers, Distributors
_c2001
300 _av, 223p.
_c20 cms.
700 _aSingh, Meera
_946630
942 _2ddc
_cEN
_h332.645
_mSIN
999 _c66314
_d66314